Методические указания о подведении итогов выполнения целевой программы реконструкции и технического перевооружения действующих предприятий Свердловской области за 1982 год (Запись № 7461109)

Подробности
000 -МАРКЕР
контрольное поле 02657nam0a22002891 4500
001 - ИДЕНТИФИКАТОР ЗАПИСИ
контрольное поле rc\843060
005 - ИДЕНТИФИКАТОР ВЕРСИИ
контрольное поле 20041129092337.3
035 ## - ДРУГИЕ СИСТЕМНЫЕ НОМЕРА
Идентификатор записи (NLR Aleph) 006024304
100 ## - ДАННЫЕ ОБЩЕЙ ОБРАБОТКИ
Данные общей обработки 20041129d1984 u |0rusy50 ca
101 0# - ЯЗЫК РЕСУРСА
Язык текста, звукозаписи и т.д. русский
102 ## - СТРАНА ПУБЛИКАЦИИ ИЛИ ПРОИЗВОДСТВА
Страна публикации Российская Федерация
105 ## - ПОЛЕ КОДИРОВАННЫХ ДАННЫХ: ТЕКСТОВЫЕ МАТЕРИАЛЫ, МОНОГРАФИЧЕСКИЕ
Кодированные данные о монографическом текстовом документе y |||||||||
200 1# - ЗАГЛАВИЕ И СВЕДЕНИЯ ОБ ОТВЕТСТВЕННОСТИ
Основное заглавие Методические указания о подведении итогов выполнения целевой программы реконструкции и технического перевооружения действующих предприятий Свердловской области за 1982 год
Первые сведения об ответственности Обл. совет по комплекс. планир. экон. и социал. развития при Свердл. обкоме КПСС
Последующие сведения об ответственности [Разраб. Р.К. Бондарева и др.
-- Науч. рук. целевой программы чл.-кор. АН СССР М.А. Сергеев]
210 ## - ПУБЛИКАЦИЯ, РАСПРОСТРАНЕНИЕ И ДР.
Место издания, распространения и т.д. Свердловск
Имя издателя, распространителя и т. д. Б. и.
Дата издания, распространения и т.д. 1984
215 ## - ФИЗИЧЕСКАЯ ХАРАКТЕРИСТИКА
Специфическое обозначение материала и объем 34 с.
Размеры 20
300 ## - ОБЩИЕ ПРИМЕЧАНИЯ
Текст примечания Загл. обл.: Целевая программа реконструкции и технического перевооружения действующих предприятий Свердловской области на 1981-1985 годы. Методические указания о подведении итогов выполнения программы за 1982 г. и уточнение мероприятий и показателей программы на 1983 г.
300 ## - ОБЩИЕ ПРИМЕЧАНИЯ
Текст примечания В надзаг. также: Ин-т экономики Урал. науч. центра АН УССР, План. комис. Свердл. облисполкома, Урал. промстройНИИпроект
512 0# - ЗАГЛАВИЕ ОБЛОЖКИ
Заглавие обложки Целевая программа реконструкции и технического перевооружения действующих предприятий Свердловской области на 1981-1985 годы. Методические указания о подведении итогов выполнения программы за 1982 г. и уточнение мероприятий и показателей программы на 1983 г.
702 #1 - ИМЯ ЛИЦА - ВТОРИЧНАЯ ОТВЕТСТВЕННОСТЬ
Начальный элемент ввода Бондарева
Часть имени, кроме начального элемента ввода Р. К.
Код отношения Прочие
702 #1 - ИМЯ ЛИЦА - ВТОРИЧНАЯ ОТВЕТСТВЕННОСТЬ
Начальный элемент ввода Сергеев
Часть имени, кроме начального элемента ввода М. А.
Расширение инициалов личного имени Михаил Александрович
Код отношения Редактор
712 02 - НАИМЕНОВАНИЕ ОРГАНИЗАЦИИ - ВТОРИЧНАЯ ОТВЕТСТВЕННОСТЬ
Начальный элемент ввода Свердловский обл. совет по комплексному планированию экономического и социального развития
801 #0 - ИСТОЧНИК ЗАПИСИ
Страна Российская Федерация
Организация NLR
Правила каталогизации psbo
801 #1 - ИСТОЧНИК ЗАПИСИ
Страна Российская Федерация
Организация ELAR
Источник данных rusmarc
852 ## - МЕСТОНАХОЖДЕНИЕ И ШИФР ХРАНЕНИЯ
Идентификатор организации NLR
Шифр хранения (Call Number) 85-4/1070
942 ## - ДОПОЛНИТЕЛЬНЫЕ ЭЛЕМЕНТЫ ЗАПИСИ (АБИС)
Тип экземпляра АБИС Книга
980 ## - КОЛЛЕКЦИЯ
Название коллекции Национальная библиография
Экземпляры
Тип экземпляра Дата поступления Библиотека постоянного хранения Библиотека текущего хранения Место хранения Шифр хранения Штрих-код Статус экземпляра
Книга 26.10.2013 РНБ (Московский) РНБ (Московский) Русский книжный фонд: издания с 1957 года 85-4/1070 6024304-10